00000000nam 2200000zi 4500
0019.946729
003CaOODSP
00520250303103444
006m     o  d f      
007cr |n|||||||||
008250110s1949    oncad   o    f000 0 eng d
040 |aCaOODSP|beng|erda|cCaOODSP
043 |an-cn-sn
0861 |aA52-213/1949E-PDF
0861 |zA51-142E-PDF
1001 |aMcPhail, M. J., |eauthor.
24510|aDominion Experimental Station, Melfort, Sask. : |bprogress report, 1936-1946 / |cM. J. McPhail.
264 1|aOttawa, Canada : |bMinister of Agriculture, |c[1949]
300 |a1 online resource (72 pages) : |billustrations, chart
336 |atext|btxt|2rdacontent
337 |acomputer|bc|2rdamedia
338 |aonline resource|bcr|2rdacarrier
500 |aDigitized edition from print [provided by Agriculture and Agri-Food Canada].
61015|aCanada. |bDept. of Agriculture. |bExperimental Station (Melfort, Sask.)‏.
61015|aCanada. |bMinistè€re de l'agriculture. |bStation de recherches (Melfort, Sask.)
650 0|aAgricultural experiment stations|zSaskatchewan|zMelfort.
650 6|aStations agronomiques|zSaskatchewan|zMelfort.
7101 |aCanada. |bDept. of Agriculture. |bExperimental Station (Melfort, Sask.)‏, |eissuing body.
7101 |aCanada. |bExperimental Farms Service, |eissuing body.
85640|qPDF|s15.80 MB|uhttps://publications.gc.ca/collections/collection_2025/aac-aafc/A51-142-1946-eng.pdf
986 |a10M—12159—1148